| 000 | 00387nam a22001577a 4500 | ||
|---|---|---|---|
| 005 | 20250609143551.0 | ||
| 008 | 250609b |||||||| |||| 00| 0 eng d | ||
| 020 | _a0-03-052664-7 | ||
| 050 | _aPE 1113.E554 2001 | ||
| 100 | _aODELL LEE | ||
| 245 | _aELEMENTS OF LANGUAGE | ||
| 250 | _a2 | ||
| 260 |
_aNEWYORK _bHOLT,RINEHART AND WINSTON _c2001 |
||
| 300 | _aX,928 | ||
| 942 |
_2lcc _cBK |
||
| 999 |
_c215634 _d215634 |
||